[Event "XLV C.to Italiano a squadre Master"]
[Site "Bratto - Castione della Presolana ITA"]
[Date "2013.04.30"]
[Round "5"]
[White "Godena, Michele"]
[Black "Brunello, Sabino"]
[WhiteElo "2511"]
[BlackElo "2582"]
[Result "1/2-1/2"]
[PlyCount "66"]
[EventDate "2013.04.27"]

1. e4 e5 2. Nf3 Nc6 3. Nc3 Nf6 4. d4 exd4 5. Nxd4 Bb4 6. Nxc6 bxc6 7. Bd3 O-O
8. O-O d5 9. exd5 cxd5 10. h3 Re8 11. Qf3 c6 12. Bf4 Be6 13. Ne2 Qb6 14. Rad1
Bf8 15. b3 Ne4 16. Bxe4 dxe4 17. Qg3 Qa5 18. Nd4 c5 19. Nxe6 Rxe6 20. a4 c4 21.
Rd7 h6 22. Rfd1 cxb3 23. cxb3 Rae8 24. Be3 a6 25. Qf4 Rf6 26. Qc7 Qb4 27. Rd8
Rfe6 28. Rc8 Rxc8 29. Qxc8 Rd6 30. Rxd6 Qxd6 31. Qc2 f5 32. g4 Kh7 33. Kg2 g6
1/2-1/2

[Event "XLV C.to Italiano a squadre Master"]
[Site "Bratto - Castione della Presolana ITA"]
[Date "2013.04.30"]
[Round "5"]
[White "Jones, Gawain C.B."]
[Black "Erdos, Viktor"]
[WhiteElo "2654"]
[BlackElo "2634"]
[Result "1/2-1/2"]
[PlyCount "44"]
[EventDate "2013.04.27"]

1. d4 Nf6 2. c4 g6 3. f3 d5 4. cxd5 Nxd5 5. e4 Nb6 6. Nc3 Bg7 7. Be3 O-O 8. Qd2
Nc6 9. O-O-O Qd6 10. Nb5 Qd7 11. Bh6 Bxh6 12. Qxh6 a6 13. Nc3 Nxd4 14. f4 f6
15. Nf3 e5 16. h4 Qg7 17. Qxg7+ Kxg7 18. Nxd4 exd4 19. Rxd4 Bd7 20. Be2 Bc6 21.
Rhd1 f5 22. g3 fxe4 1/2-1/2

[Event "XLV C.to Italiano a squadre Master"]
[Site "Bratto - Castione della Presolana ITA"]
[Date "2013.04.30"]
[Round "5"]
[White "Laketic, Gojko"]
[Black "Codenotti, Marco"]
[WhiteElo "2420"]
[BlackElo "2385"]
[Result "1/2-1/2"]
[PlyCount "44"]
[EventDate "2013.04.27"]

1. d4 Nf6 2. c4 g6 3. Nc3 d5 4. cxd5 Nxd5 5. Bd2 Bg7 6. e4 Nb6 7. Be3 O-O 8.
Nf3 Bg4 9. Be2 Nc6 10. d5 Bxf3 11. Bxf3 Ne5 12. Be2 Nec4 13. Bc1 Qd7 14. O-O c6
15. Qb3 cxd5 16. Nxd5 Nxd5 17. Bxc4 Nb6 18. Bb5 Qd4 19. Re1 Rac8 20. a4 Rfd8
21. Rb1 Nc4 22. Bxc4 Qxc4 1/2-1/2

[Event "XLV C.to Italiano a squadre Master"]
[Site "Bratto - Castione della Presolana ITA"]
[Date "2013.04.30"]
[Round "5"]
[White "Malloni, Marcello"]
[Black "Cherin, Diego"]
[WhiteElo "2351"]
[BlackElo "2250"]
[Result "1-0"]
[PlyCount "63"]
[EventDate "2013.04.27"]

1. e4 c5 2. Nf3 e6 3. d3 d5 4. Nbd2 Nc6 5. g3 g6 6. Bg2 Bg7 7. O-O Nge7 8. Re1
O-O 9. h4 f6 10. c3 d4 11. cxd4 cxd4 12. Qb3 Ne5 13. Bh3 Qd6 14. Nxe5 fxe5 15.
Nc4 Qa6 16. Bd2 b5 17. Na5 Bd7 18. Qa3 Rfe8 19. Rec1 Rac8 20. Rxc8 Nxc8 21. Rc1
Bf8 22. Bb4 Nb6 23. Rc7 Rc8 24. Bxf8 Rxc7 25. Qe7 Bc8 26. Qxc7 Kxf8 27. Nc6 Qb7
28. Qd6+ Kg8 29. Bxe6+ Bxe6 30. Qxe6+ Qf7 31. Qxf7+ Kxf7 32. Nxe5+ 1-0

[Event "XLV C.to Italiano a squadre Master"]
[Site "Bratto - Castione della Presolana ITA"]
[Date "2013.04.30"]
[Round "5"]
[White "Marin, Mihail"]
[Black "Lenic, Luka"]
[WhiteElo "2552"]
[BlackElo "2617"]
[Result "1/2-1/2"]
[PlyCount "127"]
[EventDate "2013.04.27"]

1. d4 Nf6 2. c4 c6 3. Nc3 d5 4. Nf3 e6 5. g3 Be7 6. Bg2 O-O 7. O-O b6 8. Ne5
Bb7 9. e4 dxc4 10. Nxc4 Ba6 11. b3 Nbd7 12. Bb2 Rc8 13. Re1 b5 14. Ne3 b4 15.
Ne2 Nb6 16. Nf4 Bb7 17. Rc1 Re8 18. Qc2 a5 19. Red1 Nfd7 20. Qe2 c5 21. d5 exd5
22. Nfxd5 Nxd5 23. Nxd5 Bf8 24. Nf6+ Nxf6 25. Rxd8 Rcxd8 26. e5 Bxg2 27. Kxg2
Nd5 28. f4 g6 29. Rc2 Nc7 30. Qf2 Rd3 31. Bc1 Ne6 32. Rd2 Rxd2 33. Qxd2 a4 34.
Qd7 Rd8 35. Qxa4 Rd3 36. Qa8 Rc3 37. f5 Rc2+ 38. Kh3 gxf5 39. Bh6 Rf2 40. Be3
Re2 41. Qf3 Rxa2 42. Qxf5 h6 43. Qg4+ Kh7 44. Qh5 Kg8 45. Qg4+ Kh7 46. Qh5 Kg8
47. Bxh6 Bxh6 48. Qxh6 Rc2 49. Qh5 Rc3 50. Qg4+ Kf8 51. Qd1 Kg7 52. Qg4+ Kf8
53. Qd1 Kg7 54. Kh4 c4 55. Qg4+ Kf8 56. Kh5 Rc2 57. h4 Ke8 58. Qg8+ Ke7 59. Qb8
cxb3 60. Qd6+ Ke8 61. Qb8+ Ke7 62. Qd6+ Ke8 63. Qb8+ Ke7 64. Qd6+ 1/2-1/2

[Event "XLV C.to Italiano a squadre Master"]
[Site "Bratto - Castione della Presolana ITA"]
[Date "2013.04.30"]
[Round "5"]
[White "Mazzilli, Piero"]
[Black "Contin, Daniel"]
[WhiteElo "2365"]
[BlackElo "2366"]
[Result "1-0"]
[PlyCount "75"]
[EventDate "2013.04.27"]

1. d4 e6 2. c4 Nf6 3. Nc3 Bb4 4. Qc2 O-O 5. a3 Bxc3+ 6. Qxc3 b6 7. Bg5 c5 8.
dxc5 bxc5 9. e3 Nc6 10. Bd3 h6 11. Bh4 d6 12. Ne2 Rb8 13. O-O Qe7 14. Rfd1 g5
15. Bg3 e5 16. f3 Rb6 17. Rab1 a5 18. Bc2 Ba6 19. Rd2 Rfb8 20. Rbd1 Nd8 21. b3
Nb7 22. Qd3 a4 23. Nc3 axb3 24. Nd5 Qd8 25. Bb1 Rc6 26. Qf5 Nxd5 27. Rxd5 Qc7
28. Qh7+ Kf8 29. Bxe5 Ke7 30. Bg6 Rf8 31. Bf6+ Kxf6 32. Rf5+ Ke6 33. Bxf7+ Ke7
34. Bh5+ Ke6 35. Qg6+ Kd7 36. Rxf8 Nd8 37. Bg4+ Ke7 38. Qe8# 1-0

[Event "XLV C.to Italiano a squadre Master"]
[Site "Bratto - Castione della Presolana ITA"]
[Date "2013.04.30"]
[Round "5"]
[White "Mocchi, Tullio"]
[Black "Parpinel, Marco"]
[WhiteElo "2248"]
[BlackElo "2169"]
[Result "1-0"]
[PlyCount "59"]
[EventDate "2013.04.27"]

1. e4 c5 2. Nf3 d6 3. c3 Nf6 4. h3 Nc6 5. Bd3 Bd7 6. Bc2 e5 7. d4 cxd4 8. cxd4
exd4 9. Nxd4 Be7 10. Nc3 O-O 11. O-O Re8 12. Be3 a6 13. Rc1 Rc8 14. f4 Qb6 15.
Qd2 Bf8 16. Ndb5 Qxe3+ 17. Qxe3 axb5 18. Qb6 Nb4 19. Bb1 Rc5 20. a3 Na6 21. b4
Rc6 22. Qd4 Rc4 23. Qd3 g6 24. Ba2 Rcc8 25. e5 Bf5 26. Qxb5 Nc7 27. Qxb7 dxe5
28. fxe5 Nd7 29. Rxf5 gxf5 30. Nd5 1-0

[Event "XLV C.to Italiano a squadre Master"]
[Site "Bratto - Castione della Presolana ITA"]
[Date "2013.04.30"]
[Round "5"]
[White "Olszewski, Michal"]
[Black "Palac, Mladen"]
[WhiteElo "2533"]
[BlackElo "2565"]
[Result "1-0"]
[PlyCount "63"]
[EventDate "2013.04.27"]

1. d4 Nf6 2. c4 e6 3. Nf3 d5 4. Nc3 Bb4 5. Qa4+ Nc6 6. Bg5 dxc4 7. a3 Bxc3+ 8.
bxc3 Qd5 9. Bxf6 gxf6 10. Qc2 f5 11. g3 Na5 12. Bg2 Bd7 13. Rd1 O-O-O 14. O-O
Qd6 15. Ne5 Be8 16. Rb1 f6 17. Nxc4 Nxc4 18. Bxb7+ Kb8 19. Bg2+ Nb6 20. c4 c5
21. a4 Bc6 22. Bxc6 Qxc6 23. dxc5 Qxc5 24. Rb5 Qc6 25. a5 Rd5 26. Qb1 Rxb5 27.
cxb5 Qe4 28. axb6 axb6 29. Qb2 Qe5 30. Qa3 Rc8 31. Ra1 Kc7 32. Qe7+ 1-0

[Event "XLV C.to Italiano a squadre Master"]
[Site "Bratto - Castione della Presolana ITA"]
[Date "2013.04.30"]
[Round "5"]
[White "Ortega, Lexy"]
[Black "Stella, Andrea"]
[WhiteElo "2491"]
[BlackElo "2477"]
[Result "1-0"]
[PlyCount "55"]
[EventDate "2013.04.27"]

1. Nf3 c5 2. c4 Nc6 3. d4 cxd4 4. Nxd4 Qb6 5. Nb3 e6 6. Nc3 Nf6 7. Be3 Qd8 8.
Bg5 Be7 9. g3 h6 10. Bf4 Bb4 11. Bg2 d6 12. O-O Bxc3 13. bxc3 e5 14. Bc1 Be6
15. Ba3 Bxc4 16. Rb1 O-O 17. Re1 e4 18. Nd2 Bxa2 19. Rxb7 Bd5 20. c4 Na5 21.
Rb4 Bc6 22. Nf1 Nb7 23. Ne3 Qd7 24. Bb2 a5 25. Rb6 Ne8 26. Nd5 Bxd5 27. Qxd5
Nc5 28. Qxa8 1-0

[Event "XLV C.to Italiano a squadre Master"]
[Site "Bratto - Castione della Presolana ITA"]
[Date "2013.04.30"]
[Round "5"]
[White "Rusev, Krasimir"]
[Black "Djuric, Stefan"]
[WhiteElo "2532"]
[BlackElo "2471"]
[Result "1-0"]
[PlyCount "47"]
[EventDate "2013.04.27"]

1. d4 Nf6 2. c4 e6 3. Nf3 b6 4. g3 Bb7 5. Bg2 Bb4+ 6. Bd2 Be7 7. Nc3 O-O 8. O-O
c6 9. Qc2 d5 10. Rfd1 dxc4 11. Ne5 Qxd4 12. Bf4 Qc5 13. Na4 Qb5 14. Nxc4 Ba6
15. b3 Nd5 16. Nc3 Nxc3 17. Qxc3 Bf6 18. Be5 Bxe5 19. Nxe5 Qxe2 20. Bf3 Qb5 21.
Nxc6 Nxc6 22. Bxc6 Qh5 23. Bxa8 Rxa8 24. Rd7 {...} 1-0

[Event "XLV C.to Italiano a squadre Master"]
[Site "Bratto - Castione della Presolana ITA"]
[Date "2013.04.30"]
[Round "5"]
[White "Rusev, Krasimir"]
[Black "Djuric, Stefan"]
[WhiteElo "2532"]
[BlackElo "2471"]
[Result "1-0"]
[PlyCount "61"]
[EventDate "2013.04.27"]

1. d4 Nf6 2. c4 e6 3. Nf3 b6 4. g3 Bb7 5. Bg2 Bb4+ 6. Bd2 Be7 7. Nc3 O-O 8. O-O
c6 9. Qc2 d5 10. Rfd1 dxc4 11. Ne5 Qxd4 12. Bf4 Qc5 13. Na4 Qb5 14. Nxc4 Ba6
15. b3 Nd5 16. Nc3 Nxc3 17. Qxc3 Bf6 18. Be5 Bxe5 19. Nxe5 Qxe2 20. Bf3 Qb5 21.
Nxc6 Nxc6 22. Bxc6 Qh5 23. Bxa8 Rxa8 24. Rd7 h6 25. Re1 Rc8 26. Qe5 Qxe5 27.
Rxe5 Rc1+ 28. Kg2 Bf1+ 29. Kf3 a5 30. Rb7 Kh7 31. Rb8 1-0

[Event "XLV C.to Italiano a squadre Master"]
[Site "Bratto - Castione della Presolana ITA"]
[Date "2013.04.30"]
[Round "6"]
[White "Boscolo, Federico"]
[Black "Laketic, Gojko"]
[WhiteElo "2310"]
[BlackElo "2420"]
[Result "1/2-1/2"]
[PlyCount "71"]
[EventDate "2013.04.27"]

1. e4 c6 2. d4 d5 3. e5 Bf5 4. Nc3 e6 5. g4 Bg6 6. Nge2 h6 7. Be3 Nd7 8. Qd2
Bb4 9. a3 Ba5 10. b4 Bb6 11. Bg2 Ne7 12. Na4 h5 13. g5 Bc7 14. Nf4 Bf5 15. h4
Ng6 16. Nxg6 fxg6 17. f4 a5 18. O-O b5 19. Nc5 Nxc5 20. bxc5 O-O 21. c3 Qd7 22.
Ra2 Rfb8 23. Rb2 a4 24. Rb4 Ba5 25. Rf2 Bxb4 26. cxb4 Rf8 27. Qc1 Ra7 28. Qd2
Qe8 29. Kh2 Raf7 30. Qc1 Rb7 31. Qd2 Qf7 32. Qc1 Bd3 33. Bh3 Be4 34. Qd2 Qf5
35. Bxf5 Bxf5 36. Kg3 1/2-1/2

[Event "XLV C.to Italiano a squadre Master"]
[Site "Bratto - Castione della Presolana ITA"]
[Date "2013.04.30"]
[Round "6"]
[White "Brunello, Sabino"]
[Black "Ortega, Lexy"]
[WhiteElo "2582"]
[BlackElo "2491"]
[Result "1-0"]
[PlyCount "77"]
[EventDate "2013.04.27"]

1. e4 c5 2. Nf3 d6 3. g3 Nf6 4. d3 Nc6 5. Bg2 g6 6. O-O Bg7 7. Nbd2 O-O 8. c3
Rb8 9. a4 a6 10. d4 cxd4 11. Nxd4 Nxd4 12. cxd4 Bg4 13. f3 Be6 14. d5 Bd7 15.
Nb3 Qb6+ 16. Rf2 Rfc8 17. a5 Qb4 18. Bd2 Qc4 19. Rc1 Qa4 20. Bc3 Ne8 21. Bf1
Rxc3 22. bxc3 Bc8 23. Qc2 Nf6 24. Kg2 Qd7 25. c4 Bh6 26. Re1 e6 27. dxe6 Qxe6
28. c5 d5 29. e5 Qe8 30. Nd4 Bd7 31. Qb1 Nh5 32. Rb2 Rc8 33. Rxb7 Rxc5 34. Bxa6
Kg7 35. e6 Bc8 36. Rxf7+ Kg8 37. Bb5 Qd8 38. e7 Bh3+ 39. Kxh3 1-0

[Event "XLV C.to Italiano a squadre Master"]
[Site "Bratto - Castione della Presolana ITA"]
[Date "2013.04.30"]
[Round "6"]
[White "Cherin, Diego"]
[Black "Garcia Palermo, Carlos Horacio"]
[WhiteElo "2250"]
[BlackElo "2460"]
[Result "0-1"]
[PlyCount "126"]
[EventDate "2013.04.27"]

1. e4 e5 2. Nf3 Nc6 3. d4 exd4 4. Bc4 Nf6 5. e5 d5 6. Bb5 Nd7 7. O-O Be7 8.
Bxc6 bxc6 9. Qxd4 O-O 10. Nc3 Nb6 11. Na4 Nxa4 12. Qxa4 c5 13. Bf4 Rb8 14. Qxa7
Rxb2 15. c3 Bf5 16. Be3 Qa8 17. Qxa8 Rxa8 18. a4 Kf8 19. Rfd1 c6 20. h3 h5 21.
Ne1 Ke8 22. Kh2 Kd7 23. Nf3 Ke6 24. Kg3 Rb3 25. Rdc1 Ra5 26. Ra2 Bb1 27. Ra1
Bd3 28. Kf4 Rb8 29. Ng5+ Bxg5+ 30. Kxg5 Rba8 31. Re1 g6 32. f4 d4 33. cxd4 c4
34. g4 hxg4 35. hxg4 Rh8 36. f5+ gxf5 37. gxf5+ Bxf5 38. Rh1 Rg8+ 39. Kf4 c3
40. Rh6+ Rg6 41. Rh8 Rg4+ 42. Kf3 Kd5 43. Rf8 Rg7 44. Kf4 Be6 45. Rc1 Kc4 46.
Bd2 Kd3 47. Bxc3 Rxa4 48. Rb8 Ra2 49. Bb2 Rg2 50. Rc3+ Kd2 51. Rxc6 Rg4+ 52.
Kf3 Rg1 53. Kf2 Rb1 54. Rcb6 Kd3 55. Kf3 Bd5+ 56. Kf4 Rf1+ 57. Kg5 Ke4 58. Rb4
Ra7 59. R8b6 Rc7 60. Rf6 Rg1+ 61. Kh6 Rc2 62. Kh7 Kd3 63. Bc1 Be4+ 0-1

[Event "XLV C.to Italiano a squadre Master"]
[Site "Bratto - Castione della Presolana ITA"]
[Date "2013.04.30"]
[Round "6"]
[White "Codenotti, Marco"]
[Black "Vocaturo, Daniele"]
[WhiteElo "2385"]
[BlackElo "2511"]
[Result "0-1"]
[PlyCount "52"]
[EventDate "2013.04.27"]

1. e4 e5 2. Nf3 Nc6 3. Bb5 a6 4. Ba4 Nf6 5. O-O Nxe4 6. d4 b5 7. Bb3 d5 8. dxe5
Be6 9. Nbd2 Be7 10. c3 O-O 11. Bc2 f5 12. Nb3 Qd7 13. Nbd4 Nxd4 14. Nxd4 c5 15.
Nxe6 Qxe6 16. f3 Ng5 17. a4 Rad8 18. axb5 axb5 19. Qe2 c4 20. Kh1 f4 21. b4 Qb6
22. Rd1 Ne6 23. Rxd5 Rxd5 24. Qe4 Rd3 25. Bxd3 cxd3 26. Qxd3 Qd8 0-1

[Event "XLV C.to Italiano a squadre Master"]
[Site "Bratto - Castione della Presolana ITA"]
[Date "2013.04.30"]
[Round "6"]
[White "Costantini, Roberto"]
[Black "Bellini, Fabio"]
[WhiteElo "2278"]
[BlackElo "2464"]
[Result "1/2-1/2"]
[PlyCount "44"]
[EventDate "2013.04.27"]

1. e4 e5 2. Nf3 Nc6 3. Bb5 a6 4. Ba4 Nf6 5. O-O Be7 6. d3 b5 7. Bb3 d6 8. a4
Rb8 9. h3 O-O 10. Nc3 b4 11. Nd5 Na5 12. Nxe7+ Qxe7 13. Ba2 c5 14. Qe1 Be6 15.
Bxe6 fxe6 16. Nh2 Nh5 17. g3 Nc6 18. Qd1 Qe8 19. Be3 Rb7 20. Kg2 Nd4 21. c3 Nc6
22. c4 Rbf7 1/2-1/2

[Event "XLV C.to Italiano a squadre Master"]
[Site "Bratto - Castione della Presolana ITA"]
[Date "2013.04.30"]
[Round "6"]
[White "Djuric, Stefan"]
[Black "Horvath, Csaba"]
[WhiteElo "2471"]
[BlackElo "2515"]
[Result "0-1"]
[PlyCount "106"]
[EventDate "2013.04.27"]

1. e4 c5 2. Nf3 e6 3. Nc3 a6 4. g3 b5 5. Bg2 Bb7 6. d4 cxd4 7. Nxd4 Nf6 8. a3
b4 9. axb4 Bxb4 10. O-O d6 11. Nb3 Bxc3 12. bxc3 Bxe4 13. Bxe4 Nxe4 14. Qg4 d5
15. c4 O-O 16. cxd5 Nf6 17. Qe2 Qxd5 18. Rd1 Qe4 19. Qxe4 Nxe4 20. Rd4 Nc3 21.
Kf1 Ra7 22. Bb2 Rc7 23. Na5 Rfc8 24. Rd3 f6 25. h4 h5 26. Kg2 Kf7 27. Kf1 Nd5
28. c4 Nb6 29. c5 Nd5 30. Nc4 Kg6 31. Nd6 Rg8 32. Ba3 Nd7 33. Rc1 Rb8 34. f4
Nb4 35. Rd4 a5 36. Ne4 e5 37. Rd2 Nc6 38. Rd3 a4 39. Rc4 Rb3 40. Rdc3 f5 41.
Nd2 Rxc3 42. Rxc3 exf4 43. gxf4 Nd4 44. Nc4 Ne6 45. Ne3 Ndxc5 46. Rc2 Nd3 47.
Nc4 Kh7 48. Bd6 Rc6 49. Be7 Ndxf4 50. Ne3 Ng6 51. Bb4 Nxh4 52. Nd5 g5 53. Bc3
Nd4 0-1

[Event "XLV C.to Italiano a squadre Master"]
[Site "Bratto - Castione della Presolana ITA"]
[Date "2013.04.30"]
[Round "6"]
[White "Dvirnyy, Danyyil"]
[Black "De Filomeno, Simone"]
[WhiteElo "2538"]
[BlackElo "2336"]
[Result "1/2-1/2"]
[PlyCount "37"]
[EventDate "2013.04.27"]

1. c4 e6 2. e4 c5 3. Nf3 Nc6 4. d4 cxd4 5. Nxd4 Nf6 6. Nc3 Bb4 7. Nxc6 bxc6 8.
Bd3 e5 9. O-O O-O 10. Qc2 h6 11. a3 Bc5 12. Rb1 a5 13. b4 axb4 14. axb4 Bd4 15.
Ne2 Ba7 16. Bb2 Re8 17. Ng3 d6 18. h3 Nh7 19. Rfd1 1/2-1/2

[Event "XLV C.to Italiano a squadre Master"]
[Site "Bratto - Castione della Presolana ITA"]
[Date "2013.04.30"]
[Round "6"]
[White "Efimov, Igor"]
[Black "Caprio, Guido"]
[WhiteElo "2426"]
[BlackElo "2413"]
[Result "0-1"]
[PlyCount "99"]
[EventDate "2013.04.27"]

1. d4 e6 2. c4 Nf6 3. Nc3 Bb4 4. Bg5 c5 5. d5 h6 6. Bh4 d6 7. e3 Bxc3+ 8. bxc3
Qe7 9. Nf3 Nbd7 10. Qc2 b6 11. Be2 Bb7 12. Rd1 exd5 13. cxd5 g5 14. Bg3 Ne4 15.
c4 h5 16. Bd3 Ndf6 17. h4 Nxg3 18. fxg3 g4 19. Ng5 Qxe3+ 20. Qe2 Qxe2+ 21. Kxe2
Nd7 22. Rhf1 f6 23. Bg6+ Ke7 24. Ne6 Ne5 25. Nf4 Ba6 26. Bd3 Rae8 27. Rc1 Kf7
28. Kd2 Nxd3 29. Kxd3 b5 30. Rce1 Re5 31. Rxe5 dxe5 32. Ne6 bxc4+ 33. Kc3 Bb7
34. Nxc5 Bxd5 35. Nd7 Ke6 36. Nc5+ Ke7 37. Rf2 Rc8 38. Na6 Ke6 39. Kb4 f5 40.
Nc5+ Kd6 41. Na4 Rb8+ 42. Kc3 Rf8 43. Nb2 Ke6 44. Re2 f4 45. gxf4 Rxf4 46. Nd1
g3 47. Ne3 Rxh4 48. Rd2 Bb7 49. Nxc4 Rd4 50. Re2 0-1

[Event "XLV C.to Italiano a squadre Master"]
[Site "Bratto - Castione della Presolana ITA"]
[Date "2013.04.30"]
[Round "6"]
[White "Erdos, Viktor"]
[Black "David, Alberto"]
[WhiteElo "2634"]
[BlackElo "2583"]
[Result "1/2-1/2"]
[PlyCount "47"]
[EventDate "2013.04.27"]

1. d4 Nf6 2. c4 e6 3. Nf3 b6 4. Nc3 Bb4 5. Qb3 a5 6. Bg5 Bb7 7. e3 h6 8. Bh4 d6
9. Bd3 Nbd7 10. O-O Bxc3 11. Qxc3 O-O 12. Nd2 c5 13. Rac1 Rc8 14. Bb1 Re8 15.
Qd3 cxd4 16. Qxd4 Nc5 17. b3 e5 18. Qb2 d5 19. cxd5 Qxd5 20. f3 Qe6 21. Nc4 Nd5
22. e4 Nf4 23. Rfd1 Rc6 24. Kh1 1/2-1/2

[Event "XLV C.to Italiano a squadre Master"]
[Site "Bratto - Castione della Presolana ITA"]
[Date "2013.04.30"]
[Round "6"]
[White "Georgiev, Kiril D."]
[Black "Rusev, Krasimir"]
[WhiteElo "2657"]
[BlackElo "2532"]
[Result "1-0"]
[PlyCount "61"]
[EventDate "2013.04.27"]

1. d4 d5 2. c4 dxc4 3. e3 e5 4. Bxc4 exd4 5. exd4 Nf6 6. Nf3 Bd6 7. Qe2+ Qe7 8.
Qxe7+ Bxe7 9. O-O Be6 10. Bxe6 fxe6 11. Ng5 Kd7 12. Re1 Bb4 13. Bd2 Nc6 14.
Nxe6 Rae8 15. Nc5+ Bxc5 16. dxc5 Rxe1+ 17. Bxe1 Nd4 18. Na3 Kc6 19. f3 Nb5 20.
Nc4 Kxc5 21. Rc1 Nd4 22. Bf2 Rd8 23. Nd2+ Kb5 24. Rxc7 Ne2+ 25. Kf1 Rxd2 26.
Be1 Rd7 27. Rxd7 Nxd7 28. Kxe2 Kc4 29. Ke3 Kd5 30. Bc3 g6 31. Kf4 1-0

[Event "XLV C.to Italiano a squadre Master"]
[Site "Bratto - Castione della Presolana ITA"]
[Date "2013.04.30"]
[Round "6"]
[White "Lantini, Marco"]
[Black "Stromboli, Ettore"]
[WhiteElo "2120"]
[BlackElo "2344"]
[Result "0-1"]
[PlyCount "67"]
[EventDate "2013.04.27"]

1. d4 Nf6 2. c4 e6 3. Nc3 Bb4 4. e3 b6 5. Nge2 Bb7 6. a3 Bd6 7. Qd3 c5 8. dxc5
Bxc5 9. b4 Be7 10. e4 Nc6 11. Nd4 O-O 12. Be2 Rc8 13. Nxc6 dxc6 14. Qe3 a5 15.
Rb1 axb4 16. axb4 c5 17. b5 Qd4 18. f3 Nd7 19. Nd1 Bf6 20. Qb3 Qd6 21. O-O Be5
22. h3 Nf6 23. Nf2 Bh2+ 24. Kh1 Nh5 25. Rd1 Qc7 26. Bf1 Rfd8 27. Bg5 Rd4 28.
Ng4 Ng3+ 29. Kxh2 Nxe4+ 30. Kh1 Nxg5 31. Qe3 Qd8 32. Bd3 h6 33. Ne5 Qf6 34. f4
0-1

[Event "XLV C.to Italiano a squadre Master"]
[Site "Bratto - Castione della Presolana ITA"]
[Date "2013.04.30"]
[Round "6"]
[White "Marinelli, Tullio"]
[Black "Bentivegna, Francesco"]
[WhiteElo "2373"]
[BlackElo "2293"]
[Result "1/2-1/2"]
[PlyCount "64"]
[EventDate "2013.04.27"]

1. d4 e6 2. c4 f5 3. g3 Nf6 4. Bg2 Be7 5. Nf3 O-O 6. O-O d6 7. Nc3 a5 8. Re1
Ne4 9. Qc2 Nxc3 10. Qxc3 Nc6 11. e4 e5 12. d5 Nb8 13. Nd2 f4 14. f3 fxg3 15.
hxg3 Nd7 16. b3 Bg5 17. Rb1 Qf6 18. a3 Qg6 19. Nf1 h5 20. Bxg5 Qxg5 21. Qe3
Qxe3+ 22. Nxe3 g5 23. Kf2 Nf6 24. Ke2 Bd7 25. Rbc1 b6 26. Rh1 Kg7 27. Bh3 g4
28. Bg2 Kg6 29. Rhf1 gxf3+ 30. Bxf3 Ng4 31. Bxg4 Bxg4+ 32. Kd3 Bd7 1/2-1/2

[Event "XLV C.to Italiano a squadre Master"]
[Site "Bratto - Castione della Presolana ITA"]
[Date "2013.04.30"]
[Round "6"]
[White "Mogranzini, Roberto"]
[Black "Mocchi, Tullio"]
[WhiteElo "2509"]
[BlackElo "2248"]
[Result "1-0"]
[PlyCount "133"]
[EventDate "2013.04.27"]

1. c4 e5 2. g3 f5 3. Nc3 Nf6 4. d3 Bb4 5. Bd2 O-O 6. Bg2 c6 7. Nf3 Re8 8. Qb3
Bc5 9. O-O e4 10. Ne1 d6 11. Nc2 b5 12. d4 bxc4 13. Qxc4+ Be6 14. Qa4 Bb6 15.
e3 Qc7 16. Rfc1 Qf7 17. Na3 g5 18. Rf1 d5 19. Qd1 Nbd7 20. Na4 Nh5 21. f3 exf3
22. Bxf3 Nhf6 23. Rc1 Rac8 24. Nc2 Qg7 25. Nxb6 axb6 26. Ne1 Ne4 27. Bc3 Rf8
28. Rc2 Kh8 29. Nd3 Rf6 30. Bg2 Rf7 31. Bxe4 fxe4 32. Rxf7 Bxf7 33. Ne5 Be6 34.
Rf2 Rf8 35. Rxf8+ Qxf8 36. Qh5 Nxe5 37. dxe5 g4 38. Qg5 Qf3 39. Qd8+ Kg7 40.
Qe7+ Qf7 41. Qg5+ Qg6 42. Qd8 Qf7 43. a4 c5 44. b4 cxb4 45. Bxb4 Qf3 46. Qg5+
Kh8 47. Be1 Qf8 48. Bc3 Qf3 49. Qd8+ Kg7 50. Qe7+ Qf7 51. Qg5+ Qg6 52. Qd8 Qf7
53. Bd4 Qf3 54. Qe7+ Kh8 55. Qf6+ Qxf6 56. exf6 Kg8 57. Bxb6 Bc8 58. Bd4 Kf7
59. Kf2 Ke6 60. Ke1 Kd6 61. a5 Ba6 62. Kd2 Bc4 63. Kc3 Bd3 64. Be5+ Ke6 65. Kb4
Kd7 66. Kc5 Bc4 67. Bd4 1-0

[Event "XLV C.to Italiano a squadre Master"]
[Site "Bratto - Castione della Presolana ITA"]
[Date "2013.04.30"]
[Round "6"]
[White "Scalcione, Michelangelo"]
[Black "Sbarra, Marco"]
[WhiteElo "2339"]
[BlackElo "2263"]
[Result "1/2-1/2"]
[PlyCount "110"]
[EventDate "2013.04.27"]

1. Nf3 d5 2. b3 Nf6 3. Bb2 c5 4. e3 e6 5. Ne5 Bd6 6. Bb5+ Nbd7 7. O-O O-O 8. f4
Qc7 9. Bxd7 Nxd7 10. Nxd7 Bxd7 11. Qh5 d4 12. Na3 f6 13. Nc4 e5 14. a4 Bc6 15.
fxe5 fxe5 16. d3 Rae8 17. e4 Re6 18. Rxf8+ Bxf8 19. Rf1 Be8 20. Qf5 Bf7 21. Bc1
Re8 22. Nd2 a6 23. Nf3 Bd6 24. Ng5 Bg6 25. Qg4 Qc8 26. Qg3 b5 27. axb5 axb5 28.
Nf3 Bh5 29. Nh4 Qg4 30. Qxg4 Bxg4 31. h3 Be6 32. Bb2 Ra8 33. Ra1 Rxa1+ 34. Bxa1
c4 35. bxc4 bxc4 36. Bb2 c3 37. Bc1 Ba2 38. Nf3 Bb1 39. Ne1 Be7 40. Kf2 Kf7 41.
Ke2 Bh4 42. Nf3 Bg3 43. Kd1 h6 44. Ba3 Bf4 45. Bd6 Ke6 46. Bf8 g6 47. Nh4 Kf7
48. Bd6 Kf6 49. Nf3 g5 50. Bb4 Ba2 51. Bf8 Kg6 52. Ba3 Kf6 53. Bf8 Kg6 54. Ke2
Bb1 55. Kd1 Ba2 1/2-1/2

[Event "XLV C.to Italiano a squadre Master"]
[Site "Bratto - Castione della Presolana ITA"]
[Date "2013.04.30"]
[Round "6"]
[White "Stromboli, Carlo"]
[Black "Stella, Luca"]
[WhiteElo "2325"]
[BlackElo "2148"]
[Result "0-1"]
[PlyCount "98"]
[EventDate "2013.04.27"]

1. e4 c5 2. Nf3 d6 3. c3 Nf6 4. Bd3 Nc6 5. Bc2 g6 6. O-O Bg7 7. Re1 O-O 8. d3
h6 9. Nbd2 e5 10. Nf1 d5 11. Ng3 d4 12. h3 Qd6 13. Nh2 Be6 14. Qe2 Rfd8 15. Qf1
dxc3 16. bxc3 c4 17. dxc4 Na5 18. Bb3 Qc7 19. Rb1 Bxc4 20. Bxc4 Nxc4 21. Nf3
Rac8 22. Rd1 Rxd1 23. Qxd1 b6 24. Qe2 Qc6 25. Nd2 Ne8 26. Nxc4 Qxc4 27. Qxc4
Rxc4 28. Bd2 Ra4 29. Rb2 Nd6 30. f3 Nc4 31. Rc2 Bf8 32. Bc1 Bc5+ 33. Kh2 h5 34.
Ne2 Kg7 35. Bd2 Na3 36. Rb2 Nc4 37. Rc2 f6 38. Be1 Na3 39. Rb2 Nc4 40. Rc2 Be3
41. g3 Kf7 42. Kg2 Ra5 43. Bf2 Rb5 44. f4 Rb1 45. a4 Ra1 46. Kf3 Rf1 47. Ng1
Bxf2 48. Rxf2 Rxg1 49. fxe5 Nxe5+ 0-1

[Event "XLV C.to Italiano a squadre Master"]
[Site "Bratto - Castione della Presolana ITA"]
[Date "2013.05.01"]
[Round "7"]
[White "Erdos, Viktor"]
[Black "Lenic, Luka"]
[WhiteElo "2634"]
[BlackElo "2617"]
[Result "1-0"]
[PlyCount "89"]
[EventDate "2013.04.27"]

1. d4 d5 2. Nf3 Nf6 3. c4 c6 4. Nc3 e6 5. Bg5 h6 6. Bh4 Nbd7 7. e3 Be7 8. Bd3
dxc4 9. Bxc4 Nd5 10. Bg3 O-O 11. O-O Nxc3 12. bxc3 b6 13. e4 Bb7 14. Re1 Nf6
15. Qd3 b5 16. Bb3 c5 17. Bc2 c4 18. Qd2 Nh5 19. a4 Nxg3 20. hxg3 a6 21. Reb1
Bc6 22. Ne5 Be8 23. Ng4 h5 24. Ne3 Rb8 25. axb5 axb5 26. Bd1 Bc6 27. e5 Be4 28.
Bc2 Bxc2 29. Nxc2 Qc7 30. Qe2 g6 31. Qe4 b4 32. cxb4 Rb5 33. Ra6 Rc8 34. g4 Kg7
35. Qf3 Qd7 36. g3 Rcb8 37. Kg2 Qd5 38. Ra4 R8b7 39. Qxd5 Rxd5 40. f4 f6 41.
Ra6 fxe5 42. fxe5 Rdb5 43. Rxe6 Bxb4 44. Rc6 c3 45. Kf3 1-0